[Event "EU Union-ch U14"]
[Site "Pec pod Snezkou"]
[Date "2022.08.25"]
[Round "4"]
[White "Desarmaux Do, Yanis Huy"]
[Black "Mickunaite, Agne"]
[Result "1/2-1/2"]
[WhiteElo "1935"]
[BlackElo "1527"]
[PlyCount "75"]
[EventDate "2022.08.22"]
[EventType "swiss"]
[EventRounds "9"]
[EventCountry "CZE"]
[SourceTitle "EXT 2023"]
[Source "ChessBase"]
[SourceDate "2022.10.05"]
[SourceVersion "1"]
[SourceVersionDate "2022.10.05"]
[SourceQuality "1"]

1. Nf3 d5 2. g3 Nc6 3. d4 Bf5 4. Bg2 h6 5. 0-0 e6 6. c4 Nf6 7. Nc3 Be7 8. Ne5 0-0 9. cxd5 exd5 10. Nxc6 bxc6 11. Re1 Bb4 12. Qa4 c5 13. dxc5 Bxc3 14. bxc3 Ne4 15. Bxe4 Bxe4 16. f3 Bf5 17. Be3 Re8 18. Bf2 Re6 19. Rad1 Qc8 20. Rxd5 Ra6 21. Qh4 Rxa2 22. Red1 Qe6 23. e4 Bg6 24. Rd8+ Rxd8 25. Qxd8+ Kh7 26. Qxc7 Qb3 27. Rf1 Qxc3 28. Qf4 Rc2 29. Qe3 Qc4 30. Qd4 Qe2 31. Qd1 Qc4 32. Qd5 Qe2 33. Qb3 f6 34. Qe3 Qc4 35. Qd4 Qe2 36. Qe3 Qc4 37. Qd4 Qe2 38. Qe3 1/2-1/2

[Event "EU Union-ch U14"]
[Site "Pec pod Snezkou"]
[Date "2022.08.22"]
[Round "1"]
[White "Sigut, Ondrej"]
[Black "Desarmaux Do, Yanis Huy"]
[Result "0-1"]
[WhiteElo "1495"]
[BlackElo "1935"]
[PlyCount "108"]
[EventDate "2022.08.22"]
[EventType "swiss"]
[EventRounds "9"]
[EventCountry "CZE"]
[SourceTitle "EXT 2023"]
[Source "ChessBase"]
[SourceDate "2022.10.05"]
[SourceVersion "1"]
[SourceVersionDate "2022.10.05"]
[SourceQuality "1"]

1. e4 c5 2. Nf3 Nc6 3. Bb5 d6 4. 0-0 Bd7 5. c3 Nf6 6. Re1 a6 7. Bxc6 Bxc6 8. Qc2 Rc8 9. d4 cxd4 10. Nxd4 g6 11. Bg5 Bg7 12. Nd2 0-0 13. N2f3 e5 14. Nxc6 bxc6 15. Rad1 Qc7 16. Rd2 Rcd8 17. Red1 Rd7 18. h3 h6 19. Bxf6 Bxf6 20. c4 Rfd8 21. Qc3 Bg7 22. Qa3 a5 23. Qc3 Kh7 24. Rd3 Qa7 25. Qa3 Qc7 26. R1d2 d5 27. cxd5 cxd5 28. Rxd5 Rxd5 29. Rxd5 Rxd5 30. exd5 Qc1+ 31. Kh2 e4 32. Ng1 Be5+ 33. Kh1 Qd2 34. Qe3 Qxd5 35. b3 Bd6 36. Ne2 Bc5 37. Qf4 Bd6 38. Qe3 Qe5 39. g3 Bc5 40. Qf4 Qxf4 41. Nxf4 Bxf2 42. Kg2 Bc5 43. Nd5 Kg7 44. Kf1 f5 45. Ke2 Kf7 46. Kd2 Bd6 47. g4 Ke6 48. Nb6 f4 49. Nc4 Bc7 50. Ke2 Kd5 51. Nd2 Kd4 52. h4 f3+ 53. Kf1 Kd3 54. Nc4 e3 0-1

[Event "FRA Top 16 Higher Pool U16"]
[Site "France"]
[Date "2022.06.05"]
[Round "2.3"]
[White "Breuil, Tristan"]
[Black "Desarmaux Do, Yanis Huy"]
[Result "1/2-1/2"]
[WhiteElo "2082"]
[BlackElo "1832"]
[PlyCount "64"]
[EventDate "2022.06.04"]
[EventType "tourn"]
[EventRounds "4"]
[EventCountry "FRA"]
[SourceTitle "EXT 2023"]
[Source "ChessBase"]
[SourceDate "2022.10.05"]
[SourceVersion "1"]
[SourceVersionDate "2022.10.05"]
[SourceQuality "1"]

1. e4 c5 2. Nf3 Nc6 3. d4 cxd4 4. Nxd4 e5 5. Nb5 d6 6. c4 Be7 7. N5c3 Nf6 8. Bd3 0-0 9. 0-0 Nd7 10. Nd5 Bg5 11. Nbc3 Nc5 12. b4 Ne6 13. Bb2 Nf4 14. Nxf4 Bxf4 15. Nd5 Be6 16. b5 Bxd5 17. cxd5 Ne7 18. g3 Bh6 19. f4 exf4 20. gxf4 f5 21. Qe2 Qb6+ 22. Kh1 Rae8 23. Rae1 Ng6 24. Qc2 Nxf4 25. exf5 Rxe1 26. Rxe1 Nxd3 27. Qxd3 Qf2 28. Bc3 Qxf5 29. Qxf5 Rxf5 30. Re7 Rf7 31. Re8+ Rf8 32. Re7 Rf7 1/2-1/2

[Event "FRA Top 16 Higher Pool U16"]
[Site "France"]
[Date "2022.06.05"]
[Round "3.3"]
[White "Desarmaux Do, Yanis Huy"]
[Black "Ider, Bayar"]
[Result "1/2-1/2"]
[WhiteElo "1832"]
[BlackElo "1680"]
[PlyCount "108"]
[EventDate "2022.06.04"]
[EventType "tourn"]
[EventRounds "4"]
[EventCountry "FRA"]
[SourceTitle "EXT 2023"]
[Source "ChessBase"]
[SourceDate "2022.10.05"]
[SourceVersion "1"]
[SourceVersionDate "2022.10.05"]
[SourceQuality "1"]

1. Nf3 d5 2. g3 Nf6 3. Bg2 g6 4. 0-0 Bg7 5. d3 0-0 6. Nc3 Nbd7 7. e4 dxe4 8. dxe4 c6 9. Qe2 e5 10. h3 Qe7 11. Be3 Nb6 12. a4 Be6 13. b3 Nbd7 14. Ng5 Ne8 15. Nxe6 Qxe6 16. Rad1 f5 17. exf5 gxf5 18. Bc1 Nef6 19. Ba3 Rfe8 20. Rfe1 Qf7 21. Qf3 Qg6 22. Nb1 e4 23. Qe2 Ne5 24. Bd6 Nfd7 25. Bxe5 Nxe5 26. Nd2 h5 27. Kh1 Rad8 28. Nc4 Rd5 29. Ne3 Rxd1 30. Rxd1 h4 31. Kh2 Qg5 32. gxh4 Qf4+ 33. Kh1 Nf3 34. Bxf3 exf3 35. Qc4+ Qxc4 36. Nxc4 Re2 37. Rd3 Rxf2 38. Kg1 Rg2+ 39. Kf1 Rxc2 40. Rxf3 b5 41. axb5 cxb5 42. Nd6 b4 43. Nxf5 Rc3 44. Rg3 Rxg3 45. Nxg3 a5 46. Ke2 Bf6 47. h5 Kh7 48. Kd3 Kh6 49. Kc4 Be5 50. Ne4 Kxh5 51. Kb5 Bc7 52. Nc5 Kh4 53. Nb7 Kxh3 54. Nxa5 Bh2 1/2-1/2

[Event "FRA Top 16 Higher Pool U16"]
[Site "France"]
[Date "2022.06.04"]
[Round "1.3"]
[White "Desarmaux Do, Yanis Huy"]
[Black "Zienkiewicz, Jan"]
[Result "1-0"]
[WhiteElo "1832"]
[BlackElo "2070"]
[PlyCount "150"]
[EventDate "2022.06.04"]
[EventType "tourn"]
[EventRounds "4"]
[EventCountry "FRA"]
[SourceTitle "EXT 2023"]
[Source "ChessBase"]
[SourceDate "2022.10.05"]
[SourceVersion "1"]
[SourceVersionDate "2022.10.05"]
[SourceQuality "1"]

1. Nf3 Nf6 2. c4 g6 3. Nc3 Bg7 4. e4 d6 5. d4 0-0 6. Be3 e5 7. dxe5 dxe5 8. Qc2 Nbd7 9. Rd1 Re8 10. c5 c6 11. b4 b6 12. Be2 Ng4 13. Bg5 f6 14. Bd2 Qe7 15. cxb6 axb6 16. b5 Bb7 17. h3 Nh6 18. Bc4+ Kh8 19. bxc6 Bxc6 20. Bd5 Rec8 21. Bxc6 Rxc6 22. 0-0 Nf7 23. Qb1 Qe6 24. Nd5 Bf8 25. Rc1 Bc5 26. Bb4 Kg7 27. Nd2 Nd6 28. Bxc5 Nxc5 29. Rfd1 Rb8 30. f3 Rcc8 31. Nb3 Rb7 32. Ne3 Rbb8 33. Nd5 f5 34. Nxb6 Nxb3 35. Nxc8 Nxc1 36. Qxb8 Ne2+ 37. Kf2 Nxc8 38. Qc7+ Kh6 39. Kxe2 Qxa2+ 40. Kf1 fxe4 41. Qc1+ g5 42. fxe4 Qa6+ 43. Kg1 Kh5 44. Qe3 Qe6 45. Qf3+ Kg6 46. Rf1 Nd6 47. Kh1 h6 48. Qd3 Ne8 49. Ra1 Nf6 50. Qe2 Qc6 51. Re1 h5 52. Qf3 Qe6 53. Rf1 h4 54. Qf5+ Qxf5 55. Rxf5 Nxe4 56. Rxe5 Ng3+ 57. Kg1 Kf6 58. Ra5 Ne2+ 59. Kf2 Nf4 60. Kf3 Kg6 61. Kg4 Nxg2 62. Rxg5+ Kh6 63. Ra5 Ne1 64. Kxh4 Nf3+ 65. Kg4 Nd4 66. h4 Kg6 67. h5+ Kh6 68. Ra6+ Kg7 69. h6+ Kh7 70. Kh5 Nf5 71. Ra7+ Kg8 72. h7+ Kh8 73. Kg5 Nd6 74. Rd7 Nf7+ 75. Kf6 Nh6 1-0

[Event "Davos Summer op"]
[Site "Davos"]
[Date "2021.08.06"]
[Round "3"]
[White "Malli, Shiivesh Sunil"]
[Black "Desarmaux Do, Yanis Huy"]
[Result "0-1"]
[WhiteElo "1529"]
[BlackElo "1737"]
[PlyCount "136"]
[EventDate "2021.08.05"]
[EventType "swiss"]
[EventRounds "5"]
[EventCountry "SUI"]
[SourceTitle "EXT 2022"]
[Source "ChessBase"]
[SourceDate "2021.10.06"]
[SourceVersion "1"]
[SourceVersionDate "2021.10.06"]
[SourceQuality "1"]

1. c4 e5 2. Nc3 Nf6 3. d3 c6 4. e4 d5 5. cxd5 cxd5 6. Bg5 dxe4 7. dxe4 Qb6 8. Bxf6 gxf6 9. Qa4+ Bd7 10. Bb5 Bc5 11. Bxd7+ Nxd7 12. 0-0-0 0-0-0 13. Nd5 Qc6 14. Qxc6+ bxc6 15. Ne3 Bxe3+ 16. fxe3 Nc5 17. Ne2 Nxe4 18. Rxd8+ Rxd8 19. Rd1 Rg8 20. Rg1 Kc7 21. Kc2 Nd6 22. Ng3 Rg5 23. b3 h5 24. Ne2 f5 25. g3 Rg6 26. Rf1 Kd7 27. Nc3 Ke6 28. Kd3 Rg8 29. e4 fxe4+ 30. Nxe4 Nxe4 31. Kxe4 Rd8 32. Rc1 f5+ 33. Ke3 Rd6 34. Rc5 Kf6 35. h4 Re6 36. Ra5 Re7 37. Rc5 Rc7 38. b4 Ke6 39. Rc3 Kd5 40. Rc5+ Kd6 41. Kd3 Rg7 42. Kc2 Rxg3 43. Ra5 Rg7 44. Ra6 Rb7 45. b5 Rxb5 46. Rxa7 Rb4 47. Rf7 Ke6 48. Rc7 Rxh4 49. Rxc6+ Kd5 50. Ra6 Rd4 51. Ra8 Ke4 52. a4 f4 53. a5 f3 54. a6 Ra4 55. Kb3 Ra1 56. a7 Ke3 57. Re8 Rxa7 58. Rxe5+ Kf2 59. Rxh5 Kf1 60. Kc3 Re7 61. Kd2 f2 62. Rf5 Re2+ 63. Kd1 Re4 64. Rd5 Kg2 65. Rg5+ Kf3 66. Rf5+ Ke3 67. Rf8 Rd4+ 68. Kc2 Rf4 0-1

[Event "FRA-ch Blitz Online Qual"]
[Site "Europe Echecs INT"]
[Date "2020.05.16"]
[Round "3"]
[White "Bellahcene, Rayane"]
[Black "Desarmaux Do, Yanis Huy"]
[Result "1-0"]
[WhiteElo "2046"]
[BlackElo "1803"]
[PlyCount "103"]
[EventDate "2020.05.16"]
[EventType "swiss (blitz)"]
[EventRounds "15"]
[EventCountry "FRA"]
[SourceTitle "CBM 196 Extra"]
[Source "ChessBase"]
[SourceDate "2020.07.31"]
[SourceVersion "1"]
[SourceVersionDate "2020.07.31"]
[SourceQuality "1"]

1. d4 Nf6 2. Nf3 e6 3. c4 Bb4+ 4. Bd2 Qe7 5. g3 0-0 6. Bg2 Bxd2+ 7. Nbxd2 d6 8. 0-0 Nbd7 9. Qc2 e5 10. e4 b6 11. d5 a5 12. b3 Nc5 13. a3 a4 14. b4 Nb3 15. Rab1 Nxd2 16. Nxd2 Bd7 17. Rfc1 h6 18. c5 bxc5 19. bxc5 Rab8 20. c6 Rxb1 21. Rxb1 Bg4 22. Qxa4 Be2 23. Qa7 Bd3 24. Rb7 Ne8 25. Bf1 Bxf1 26. Nxf1 Qg5 27. Qe3 Qg4 28. f3 Qc8 29. Qa7 Qd8 30. Qe3 Qa8 31. Ra7 Qb8 32. a4 Qb4 33. a5 Nf6 34. a6 Qb5 35. Rxc7 Qxa6 36. Rb7 Ra8 37. Qb6 Qxb6+ 38. Rxb6 Ne8 39. Ne3 Kf8 40. Nc4 Ra1+ 41. Kg2 Rc1 42. Na5 Rc2+ 43. Kh3 g5 44. Rb8 h5 45. Nb7 Ke7 46. Rxe8+ Kxe8 47. Nxd6+ Ke7 48. Nf5+ Kf6 49. Ne3 Rc3 50. Nd1 Rc1 51. Nb2 Rc2 52. Nd3 1-0

[Event "FRA-ch Blitz Online Qual"]
[Site "Europe Echecs INT"]
[Date "2020.05.16"]
[Round "2"]
[White "Desarmaux Do, Yanis Huy"]
[Black "Fischler, Ines"]
[Result "1-0"]
[WhiteElo "1803"]
[BlackElo "1129"]
[PlyCount "47"]
[EventDate "2020.05.16"]
[EventType "swiss (blitz)"]
[EventRounds "15"]
[EventCountry "FRA"]
[SourceTitle "CBM 196 Extra"]
[Source "ChessBase"]
[SourceDate "2020.07.31"]
[SourceVersion "1"]
[SourceVersionDate "2020.07.31"]
[SourceQuality "1"]

1. Nf3 d5 2. g3 Nc6 3. d4 g6 4. Bg2 Bg7 5. 0-0 Nf6 6. c3 0-0 7. Bg5 Bg4 8. h3 Bf5 9. Nfd2 Qd7 10. Kh2 h6 11. Bxf6 Bxf6 12. e4 dxe4 13. Nxe4 Bxe4 14. Bxe4 Kg7 15. Nd2 Rad8 16. Bg2 e6 17. Ne4 Qe7 18. Nc5 Rb8 19. Qc2 Qd6 20. Rad1 b6 21. Ne4 Qd7 22. Qe2 Ne7 23. Nxf6 Kxf6 24. Qe5# 1-0

[Event "FRA-ch Blitz Online Qual"]
[Site "Europe Echecs INT"]
[Date "2020.05.16"]
[Round "12"]
[White "Desarmaux Do, Yanis Huy"]
[Black "Mataigne, Jean Michel"]
[Result "1-0"]
[WhiteElo "1803"]
[BlackElo "1900"]
[PlyCount "51"]
[EventDate "2020.05.16"]
[EventType "swiss (blitz)"]
[EventRounds "15"]
[EventCountry "FRA"]
[SourceTitle "CBM 196 Extra"]
[Source "ChessBase"]
[SourceDate "2020.07.31"]
[SourceVersion "1"]
[SourceVersionDate "2020.07.31"]
[SourceQuality "1"]

1. Nf3 Nf6 2. g3 g6 3. b3 Bg7 4. Bb2 0-0 5. Bg2 d6 6. d4 c5 7. 0-0 Ne4 8. Nfd2 Nxd2 9. Qxd2 Nc6 10. c3 cxd4 11. cxd4 d5 12. e3 Bf5 13. Nc3 Rc8 14. Nxd5 e5 15. Ba3 Re8 16. e4 Be6 17. dxe5 Nxe5 18. Rad1 Bxd5 19. exd5 Qf6 20. d6 Rcd8 21. Bxb7 Nf3+ 22. Bxf3 Qxf3 23. d7 Re2 24. Qg5 Qa8 25. Be7 Rxd7 26. Rxd7 1-0

[Event "FRA-ch Blitz Online Qual"]
[Site "Europe Echecs INT"]
[Date "2020.05.16"]
[Round "13"]
[White "Oney, Remel"]
[Black "Desarmaux Do, Yanis Huy"]
[Result "1-0"]
[WhiteElo "1781"]
[BlackElo "1803"]
[PlyCount "51"]
[EventDate "2020.05.16"]
[EventType "swiss (blitz)"]
[EventRounds "15"]
[EventCountry "FRA"]
[SourceTitle "CBM 196 Extra"]
[Source "ChessBase"]
[SourceDate "2020.07.31"]
[SourceVersion "1"]
[SourceVersionDate "2020.07.31"]
[SourceQuality "1"]

1. d4 Nf6 2. Bf4 e6 3. e3 d5 4. Nd2 c5 5. c3 Nc6 6. Ngf3 Bd6 7. Bg3 0-0 8. Bd3 b6 9. Ne5 Bb7 10. f4 Nd7 11. Qh5 h6 12. Ndf3 cxd4 13. exd4 Ndxe5 14. fxe5 Be7 15. Bf4 Re8 16. Bxh6 gxh6 17. Qxh6 f5 18. Qg6+ Kf8 19. h4 Nb4 20. cxb4 Bxb4+ 21. Kf2 Ke7 22. Ng5 Kd7 23. h5 Rg8 24. Qf7+ Kc8 25. Nxe6 Qe8 26. Qc7# 1-0